[Event "SYR-ch"]
[Site "Damascus"]
[Date "2019.04.27"]
[Round "10"]
[White "Azam, Zeno"]
[Black "Gnaam, Koteba"]
[Result "1-0"]
[WhiteElo "2093"]
[BlackElo "2039"]
[PlyCount "101"]
[EventDate "2019.04.22"]
[EventType "tourn"]
[EventRounds "11"]
[EventCountry "SYR"]
[SourceTitle "CBM 190 Extra"]
[Source "ChessBase"]
[SourceDate "2019.07.15"]
[SourceVersion "1"]
[SourceVersionDate "2019.07.15"]
[SourceQuality "1"]

1. e4 c5 2. Nf3 d6 3. d4 cxd4 4. Nxd4 Nf6 5. Nc3 a6 6. Be3 e5 7. Nb3 Be7 8. f3 Be6 9. Qd2 Nbd7 10. 0-0-0 Qc7 11. g4 Nb6 12. g5 Nfd7 13. h4 Rc8 14. Kb1 Nc4 15. Bxc4 Qxc4 16. h5 b5 17. Na5 Qc7 18. Nd5 Bxd5 19. exd5 Nb6 20. Bxb6 Qxb6 21. Nc6 f5 22. f4 e4 23. Rh3 Kd7 24. h6 g6 25. Rc3 Rhe8 26. a4 Rc7 27. a5 Qb7 28. Qd4 Kc8 29. b4 Bd8 30. Re1 Rf8 31. Ree3 Re8 32. Kb2 Rf8 33. Qb6 Re8 34. Kb3 Rf8 35. Kb2 Re8 36. Kc1 Kd7 37. Qd4 Kc8 38. Kd2 Kd7 39. Qg7+ Kc8 40. Qd4 Kd7 41. Nxd8 Kxd8 42. Rxc7 Qxc7 43. Rc3 Qb7 44. Rc6 e3+ 45. Ke2 Kd7 46. Qf6 Qb8 47. c3 Re7 48. Rxa6 Qc7 49. Rc6 Qb8 50. a6 Re8 51. a7 1-0

[Event "SYR-ch"]
[Site "Damascus"]
[Date "2019.04.26"]
[Round "8"]
[White "Gnaam, Koteba"]
[Black "Shekh A, Osamah"]
[Result "1/2-1/2"]
[WhiteElo "2039"]
[BlackElo "2082"]
[PlyCount "126"]
[EventDate "2019.04.22"]
[EventType "tourn"]
[EventRounds "11"]
[EventCountry "SYR"]
[SourceTitle "CBM 190 Extra"]
[Source "ChessBase"]
[SourceDate "2019.07.15"]
[SourceVersion "1"]
[SourceVersionDate "2019.07.15"]
[SourceQuality "1"]

1. e4 e6 2. d4 d5 3. Nc3 dxe4 4. Nxe4 Nd7 5. Nf3 Ngf6 6. Nxf6+ Nxf6 7. Ne5 Qd5 8. Be3 Be7 9. f3 0-0 10. Qd2 b5 11. Be2 a6 12. Nd3 a5 13. Nc5 Bd7 14. 0-0 Bc6 15. Rfc1 Rfd8 16. c4 bxc4 17. Bxc4 Qd6 18. Rd1 Bd5 19. Bf1 Qb6 20. Qc2 Rab8 21. b3 h6 22. Rac1 c6 23. Qf2 Bd6 24. Qh4 Nh7 25. Ne4 Bf8 26. Qg3 Kh8 27. Bf4 Rb7 28. Nc5 Ra7 29. Na6 Rc8 30. Nc5 Qd8 31. Qe1 g5 32. Bg3 Bg7 33. Be5 Nf6 34. Bd3 Nh5 35. Bxg7+ Kxg7 36. Be4 Nf6 37. Qe3 Qd6 38. Bxd5 Nxd5 39. Qe4 Qf4 40. g3 Qd6 41. Rd2 Nf6 42. Qe5 Qxe5 43. dxe5 Nd5 44. Ne4 a4 45. Nd6 Rb8 46. bxa4 Rxa4 47. Rxc6 Ra3 48. Kf2 Rba8 49. Rcc2 Nb4 50. Rc7 Nd3+ 51. Kg2 Nxe5 52. f4 Rxa2 53. Rxa2 Rxa2+ 54. Kf1 gxf4 55. gxf4 Nd3 56. Rxf7+ Kg6 57. f5+ exf5 58. Rxf5 Rxh2 59. Rf3 Ne5 60. Rf2 Rxf2+ 61. Kxf2 Kg5 62. Kg3 h5 63. Ne4+ Kf5 1/2-1/2

[Event "SYR-ch"]
[Site "Damascus"]
[Date "2019.04.25"]
[Round "7"]
[White "Razouk, Odyai"]
[Black "Gnaam, Koteba"]
[Result "1/2-1/2"]
[WhiteElo "1670"]
[BlackElo "2039"]
[PlyCount "34"]
[EventDate "2019.04.22"]
[EventType "tourn"]
[EventRounds "11"]
[EventCountry "SYR"]
[SourceTitle "CBM 190 Extra"]
[Source "ChessBase"]
[SourceDate "2019.07.15"]
[SourceVersion "1"]
[SourceVersionDate "2019.07.15"]
[SourceQuality "1"]

1. Nf3 Nf6 2. d4 d5 3. c4 c6 4. Nc3 e6 5. Bg5 Nbd7 6. e3 Be7 7. Bd3 b6 8. 0-0 Bb7 9. e4 dxe4 10. Bxf6 Nxf6 11. Nxe4 0-0 12. Qe2 c5 13. dxc5 bxc5 14. Rab1 Rb8 15. b3 Qc7 16. Nxf6+ Bxf6 17. Be4 a5 1/2-1/2

[Event "Olympiad-43"]
[Site "Batumi"]
[Date "2018.10.02"]
[Round "8.1"]
[White "Gnaam, Koteba"]
[Black "Al Qudaimi, Basheer"]
[Result "1/2-1/2"]
[WhiteElo "2061"]
[BlackElo "2419"]
[PlyCount "103"]
[EventDate "2018.09.24"]
[EventType "team-swiss"]
[EventRounds "11"]
[EventCountry "GEO"]
[SourceTitle "CBM 187"]
[Source "ChessBase"]
[SourceDate "2018.12.11"]
[SourceVersion "1"]
[SourceVersionDate "2018.12.11"]
[SourceQuality "1"]
[WhiteTeam "Syria"]
[BlackTeam "Yemen"]
[WhiteTeamCountry "SYR"]
[BlackTeamCountry "YEM"]

1. e4 e5 2. Nf3 Nc6 3. Bc4 Bc5 4. c3 Nf6 5. d4 exd4 6. cxd4 Bb4+ 7. Bd2 Nxe4 8. Bxb4 Nxb4 9. Bxf7+ Kxf7 10. Qb3+ d5 11. Qxb4 Re8 12. 0-0 a5 13. Qb3 a4 14. Qb4 Qd6 15. Qxd6 Nxd6 16. Nc3 c6 17. b3 axb3 18. axb3 Bf5 19. Ne5+ Kg8 20. b4 Bc2 21. Rfc1 Nf5 22. Ne2 Ba4 23. f4 Bb5 24. g4 Rxa1 25. Rxa1 Ne3 26. Ra2 Bxe2 27. Rxe2 Nxg4 28. Ra2 Nxe5 29. fxe5 Kf7 30. Kf2 Ke6 31. Ke3 Kd7 32. Rg2 Re7 33. Rf2 Kc7 34. Rf8 Kb6 35. Kf4 Kc7 36. Kf5 Kd7 37. h4 b6 38. h5 g6+ 39. hxg6 hxg6+ 40. Kxg6 c5 41. bxc5 bxc5 42. Kf5 cxd4 43. Rf6 d3 44. Rd6+ Kc7 45. Rxd5 Rd7 46. Rc5+ Kb6 47. Rc1 d2 48. Rd1 Kc5 49. e6 Rd5+ 50. Kf6 Kd6 51. e7 Kd7 52. Kf7 1/2-1/2

[Event "Olympiad-43"]
[Site "Batumi"]
[Date "2018.09.27"]
[Round "4.57"]
[White "Gnaam, Koteba"]
[Black "Gavarrete, Nahun"]
[Result "0-1"]
[WhiteElo "2061"]
[BlackElo "2249"]
[PlyCount "130"]
[EventDate "2018.09.24"]
[EventType "team-swiss"]
[EventRounds "11"]
[EventCountry "GEO"]
[SourceTitle "CBM 187"]
[Source "ChessBase"]
[SourceDate "2018.12.11"]
[SourceVersion "1"]
[SourceVersionDate "2018.12.11"]
[SourceQuality "1"]
[WhiteTeam "Syria"]
[BlackTeam "Honduras"]
[WhiteTeamCountry "SYR"]
[BlackTeamCountry "HON"]

1. e4 c6 2. d4 d6 3. Nf3 g6 4. Nc3 Bg7 5. Bc4 Nf6 6. Bb3 0-0 7. a4 Bg4 8. Be3 Nbd7 9. h3 Bxf3 10. Qxf3 c5 11. dxc5 Nxc5 12. Bxc5 dxc5 13. 0-0 Qc7 14. Qe2 e6 15. Rad1 Rad8 16. e5 Nh5 17. Rxd8 Rxd8 18. Re1 c4 19. Qxc4 Bxe5 20. Qxc7 Bxc7 21. g3 Nf6 22. Re2 h5 23. Nb5 Bb6 24. Kg2 Bc5 25. Bc4 a6 26. Nc3 h4 27. Bd3 hxg3 28. fxg3 Bd4 29. Re1 Bxc3 30. bxc3 Nd7 31. Rd1 Nc5 32. a5 e5 33. Re1 Nxd3 34. cxd3 Rxd3 35. Rxe5 Rxc3 36. Re7 Rb3 37. h4 Kg7 38. Kh3 Kf6 39. Rc7 Ke6 40. Kg4 f6 41. Rc4 Kd6 42. Kf4 Rb5 43. Ra4 Rc5 44. Rb4 Kc7 45. Ra4 b6 46. axb6+ Kxb6 47. Ke3 Kb5 48. Rf4 Rc3+ 49. Kf2 Rc6 50. Rg4 f5 51. Rg5 Kb4 52. g4 a5 53. gxf5 gxf5 54. Rxf5 a4 55. Rf8 a3 56. Rb8+ Kc3 57. Ra8 Kb2 58. Ke3 Rc4 59. Rb8+ Kc3 60. Ra8 Kb2 61. Rb8+ Kc2 62. Ra8 Rxh4 63. Rc8+ Kb3 64. Rc1 a2 65. Kd2 Rf4 0-1

[Event "Olympiad-43"]
[Site "Batumi"]
[Date "2018.09.26"]
[Round "3.32"]
[White "Ynojosa Aponte, Felix Jose"]
[Black "Gnaam, Koteba"]
[Result "1/2-1/2"]
[WhiteElo "2370"]
[BlackElo "2061"]
[PlyCount "103"]
[EventDate "2018.09.24"]
[EventType "team-swiss"]
[EventRounds "11"]
[EventCountry "GEO"]
[SourceTitle "CBM 187"]
[Source "ChessBase"]
[SourceDate "2018.12.11"]
[SourceVersion "1"]
[SourceVersionDate "2018.12.11"]
[SourceQuality "1"]
[WhiteTeam "Venezuela"]
[BlackTeam "Syria"]
[WhiteTeamCountry "VEN"]
[BlackTeamCountry "SYR"]

1. c4 c6 2. e4 d5 3. cxd5 cxd5 4. exd5 Qxd5 5. Nc3 Qd8 6. d4 e6 7. Nf3 Nf6 8. Bd3 Nc6 9. 0-0 Be7 10. a3 0-0 11. Be3 Re8 12. Qc2 h6 13. Rad1 Nd5 14. Nxd5 exd5 15. Ne5 Nxe5 16. dxe5 Be6 17. f4 Rc8 18. Qf2 d4 19. Bxd4 Qxd4 20. Qxd4 Bc5 21. Be4 g6 22. Qf2 Bxf2+ 23. Kxf2 b5 24. Kf3 h5 25. h3 b4 26. a4 h4 27. Rd4 a5 28. Bd5 Rc2 29. Bxe6 Rxe6 30. Rf2 Rec6 31. Rdd2 b3 32. Rd5 R6c4 33. Rfd2 Rxd2 34. Rxd2 Rxa4 35. Rd8+ Kg7 36. Rb8 g5 37. fxg5 Kg6 38. Rxb3 Kxg5 39. Rb7 Kg6 40. b3 Ra2 41. b4 Ra3+ 42. Kg4 Ra4 43. Rb6+ Kg7 44. Kf5 Rxb4 45. Ra6 Rb5 46. Ra7 Rc5 47. Rd7 Rc2 48. e6 Rf2+ 49. Kg4 Rxg2+ 50. Kf3 Rg3+ 51. Kf4 Kf8 52. Rxf7+ 1/2-1/2

[Event "SYR-ch"]
[Site "Damascus"]
[Date "2018.??.??"]
[Round "2"]
[White "Gnaam, Koteba"]
[Black "Alzaim, Talal"]
[Result "1-0"]
[WhiteElo "2025"]
[BlackElo "2236"]
[PlyCount "75"]
[EventDate "2018.05.01"]
[EventType "tourn"]
[EventRounds "9"]
[EventCountry "SYR"]
[SourceTitle "CBM 184 Extra"]
[Source "ChessBase"]
[SourceDate "2018.06.28"]
[SourceVersion "1"]
[SourceVersionDate "2018.06.28"]
[SourceQuality "1"]

1. e4 e6 2. d4 d5 3. exd5 exd5 4. Bd3 Nc6 5. c3 Nf6 6. Bf4 Be7 7. Qc2 0-0 8. Nf3 Bg4 9. Nbd2 Bh5 10. 0-0 Bg6 11. Bxg6 hxg6 12. Rfe1 Nh5 13. Be5 Re8 14. Nf1 Nxe5 15. dxe5 Nf4 16. Rad1 c6 17. Nd4 Bc5 18. Kh1 Qg5 19. g3 Ne6 20. f4 Qh5 21. Qe2 Qh7 22. Qg4 Bb6 23. Ne3 Nc5 24. Kg2 Rad8 25. Qh3 Qxh3+ 26. Kxh3 g5 27. Ng4 gxf4 28. gxf4 Kf8 29. Kg2 Ne6 30. Kf3 g6 31. Nf6 Nxd4+ 32. cxd4 Re6 33. h4 Kg7 34. h5 Rh8 35. Rh1 gxh5 36. Rdg1+ Kf8 37. Rxh5 Rxf6 38. Rxh8+ 1-0

[Event "SYR-ch"]
[Site "Damascus"]
[Date "2018.??.??"]
[Round "9"]
[White "Gnaam, Koteba"]
[Black "Aram, Adam"]
[Result "0-1"]
[WhiteElo "2025"]
[BlackElo "2127"]
[PlyCount "146"]
[EventDate "2018.05.01"]
[EventType "tourn"]
[EventRounds "9"]
[EventCountry "SYR"]
[SourceTitle "CBM 184 Extra"]
[Source "ChessBase"]
[SourceDate "2018.06.28"]
[SourceVersion "1"]
[SourceVersionDate "2018.06.28"]
[SourceQuality "1"]

1. e4 e5 2. Nf3 Nc6 3. Bc4 Bc5 4. c3 Nf6 5. d4 exd4 6. cxd4 Bb4+ 7. Nc3 Nxe4 8. 0-0 Bxc3 9. d5 Ne5 10. Bb3 0-0 11. bxc3 Nxf3+ 12. Qxf3 Nd6 13. c4 b6 14. Re1 Ba6 15. Bb2 Qg5 16. Re5 Qg6 17. h4 f6 18. Re7 Rf7 19. Rxf7 Qxf7 20. Rc1 Qg6 21. h5 Qg5 22. Ba3 Re8 23. Qh3 f5 24. h6 Ne4 25. hxg7 d6 26. Bd1 Qf4 27. Qe3 Qxe3 28. fxe3 Kxg7 29. g4 Bc8 30. Bb2+ Kg6 31. gxf5+ Bxf5 32. Bd4 Ng5 33. Be2 Re7 34. Rf1 Rf7 35. Kh2 Be4 36. Rxf7 Nxf7 37. Bc3 Ne5 38. c5 Bxd5 39. cxd6 cxd6 40. a4 Kf5 41. Bb4 Ke6 42. Bc3 Bf3 43. Ba6 Bc6 44. a5 Ng4+ 45. Kg1 Nxe3 46. axb6 axb6 47. Bd4 Nd5 48. Bc4 b5 49. Bb3 Ke7 50. Kf2 Nf4 51. Bc2 Ng6 52. Ke3 Bd5 53. Bc3 Ke6 54. Kd4 Bc4 55. Bb2 Kf7 56. Ba3 Ke6 57. Bb2 Nf8 58. Bc1 Kf6 59. Ba3 Ne6+ 60. Ke3 d5 61. Bxh7 d4+ 62. Kd2 Ng5 63. Bb1 Nf3+ 64. Kd1 d3 65. Bb4 Ke5 66. Bc3+ Kd5 67. Kc1 Kc5 68. Kb2 d2 69. Bc2 Be2 70. Bxd2 Nxd2 71. Bg6 Bc4 72. Be8 b4 73. Bg6 Nf3 0-1

[Event "Beirut op 7th"]
[Site "Beirut"]
[Date "2014.05.11"]
[Round "7"]
[White "Mikati, Hani"]
[Black "Gnaam, Koteba"]
[Result "0-1"]
[WhiteElo "1682"]
[BlackElo "1795"]
[PlyCount "62"]
[EventDate "2014.05.06"]
[EventType "swiss"]
[EventRounds "9"]
[EventCountry "LBN"]
[SourceTitle "EXT 2016"]
[Source "ChessBase"]
[SourceDate "2015.10.08"]
[SourceVersion "1"]
[SourceVersionDate "2015.10.08"]
[SourceQuality "1"]

1. e4 c5 2. Nf3 d6 3. d4 cxd4 4. Nxd4 Nf6 5. Nc3 a6 6. a3 e6 7. Bd3 Be7 8. Be3 Qc7 9. g4 h6 10. h3 Nbd7 11. Qe2 b5 12. f4 Bb7 13. g5 hxg5 14. fxg5 Nh5 15. Rg1 g6 16. 0-0-0 Ne5 17. Rdf1 Rc8 18. Bd2 Qb6 19. Nf3 Nc4 20. Bxc4 Rxc4 21. Be3 Qa5 22. Nd2 Rxc3 23. bxc3 Qxa3+ 24. Kb1 Qxc3 25. Qf2 0-0 26. Bd4 Qb4+ 27. Bb2 d5 28. Rg4 dxe4 29. Nxe4 Bxe4 30. Re1 f5 31. gxf6 Bxf6 0-1